000 00383nam a2200169Ia 4500
003 0100
008 130303s9999 xx 000 0 und d
040 _cARRUPELIB
050 _aPR9372.9.O9V5 1956
100 _aOyono, Ferdinand
245 _aLe viieux negre et la medaille
260 _bJulliard
260 _C1956
300 _a221p.
300 _b 21cm.
942 _2lcc
_02
999 _c59360
_d59360